| 000 | 01213cam a2200313 a 4500 | ||
|---|---|---|---|
| 999 |
_c127678 _d127678 |
||
| 001 | 14004688 | ||
| 003 | ARRUPE | ||
| 005 | 20180315151016.0 | ||
| 008 | 050616s2004 ne b 001 0 eng d | ||
| 010 | _a 2005357009 | ||
| 020 | _a9042008105 (pbk.) | ||
| 035 | _a(OCoLC)ocm55018528 | ||
| 040 |
_aOHX _cOHX _dUAB _dDAY _dOCLCQ _dDLC |
||
| 042 | _alccopycat | ||
| 043 | _af------ | ||
| 050 | 0 | 0 |
_aB5305 _b.K43 2004 |
| 072 | 7 |
_aB _2lcco |
|
| 082 | 0 | 0 |
_a199/.6 _222 |
| 100 | 1 |
_aKebede, Messay. _940716 |
|
| 245 | 1 | 0 |
_aAfrica's quest for a philosophy of decolonization / _cMessay Kebede. |
| 260 |
_aAmsterdam ; _bRodopi, _c2004. |
||
| 300 |
_axii, 256 p. ; _c23 cm. |
||
| 440 | 0 |
_aValue inquiry book series ; _vv. 153 _940717 |
|
| 504 | _aIncludes bibliographical references (p. [239]-248) and index. | ||
| 650 | 0 |
_aPhilosophy, African. _940718 |
|
| 650 | 0 |
_aDecolonization _zAfrica _xPhilosophy.. _940719 |
|
| 856 | 4 | 2 |
_3Book review (H-Net) _uhttp://www.h-net.org/review/hrev-a0e1x7-aa |
| 906 |
_a7 _bcbc _ccopycat _d2 _encip _f20 _gy-gencatlg |
||
| 942 |
_2lcc _cMONOGRAPH |
||